| 000 | 00000nas##2200000za#4500 |
| 001 | 9.500693 |
| 003 | CaOODSP |
| 005 | 20200325065205 |
| 007 | cr ||||||||||| |
| 008 | 150406c1987||||xxc|| m o||||f| |0eng|d |
| 040 | |aCaOODSP|beng |
| 041 | |aeng |
| 041 | |afre |
| 043 | |an-cn--- |
| 086 | 1 |aCS96-1987-PDF |
| 245 | 00|aAgriculture |h[electronic resource] |
| 246 | 1 |iSeries title also given on publication as : |aCensus Canada 1986 |
| 260 | |aOttawa - Ontario : |bStatistics Canada. |c1987. |
| 310 | |aIrregular |
| 500 | |aHistorical census publication digitized by Statistics Canada. |
| 690 | 07|aAgriculture statistics|2gcpds |
| 690 | 07|aCensus data|2gcpds |
| 710 | 1 |aCanada. |bStatistics Canada. |bAgriculture Division. |
| 792 | |tAgriculture |efre|w(CaOODSP)9.500694 |